Truyện Kiều và lời bình

Giới thiệu đại thi hào Nguyễn Du và một số lời bình về "chữ tâm", quyền sống, văn chương, ngôn ngữ trong truyện Kiều. Bình giảng các trích đoạn trong truyện Kiều

Đã lưu trong:
书目详细资料
其他作者: Mai Phương Chi
语言:Undetermined
出版: Hà Nội Hội Nhà văn 2005
主题:
标签: 添加标签
没有标签, 成为第一个标记此记录!
Thư viện lưu trữ: Trung tâm Học liệu Trường Đại học Trà Vinh
LEADER 00867nam a2200241Ia 4500
001 TVU_6421
008 210423s9999 xx 000 0 und d
041 |a Vie 
082 |a 809 
082 |b Tr527 
245 0 |a Truyện Kiều và lời bình 
245 0 |c Mai Phương Chi (tuyển soạn) 
260 |a Hà Nội 
260 |b Hội Nhà văn 
260 |c 2005 
300 |a 566 tr. 
300 |b hình vẽ 
300 |c 19 cm 
520 |a Giới thiệu đại thi hào Nguyễn Du và một số lời bình về "chữ tâm", quyền sống, văn chương, ngôn ngữ trong truyện Kiều. Bình giảng các trích đoạn trong truyện Kiều 
650 |a Nghiên cứu văn học; Phân tích văn học; Văn học cận đại 
700 |a Mai Phương Chi  
700 |e tuyển soạn 
980 |a Trung tâm Học liệu Trường Đại học Trà Vinh